Open Data Biblioteca Nacional de Portugal


República Portuguesa: Ministério da Cultura
Biblioteca Nacional de Portugal

Catálogo da BNP: acesso por Identificadores Unívocos
Registos Bibliográficos associados ao registo de autoridade

Etiqueta de registo: 00254nam 2200025 450
001 2258994
003 http://id.bnportugal.gov.pt/bib/catbnp/2258994
010 ## $a978-989-9192-19-5
021 ## $aPT$b548511/25
100 ## $a20260202d2025 m y0pory01030103ba
101 0# $apor
102 ## $aPT
105 ## $ay z 000ay
106 ## $ar
200 1# $a A corja$fCamilo Castelo Branco$gpref. Jorge Sobrado$gintrod. José Cândido de Oliveira Martins
210 #9 $aBraga$cOpera Omnia,$d2025
215 ## $a225 p.$d22 cm
675 ## $a821.134.3-31"18"$vBN$zpor$3833768
700 #1 $aCastelo Branco,$bCamilo,$f1825-1890$320266
702 #1 $a Sobrado,$bJosé$4080$31982841
702 #1 $aMartins,$bJ. Cândido,$f1965-$4080$3647608
801 #0 $aPT$bBN$gRPC
856 41 $uhttp://rnod.bnportugal.gov.pt/ImagesBN/winlibimg.aspx?skey=&doc=2258994&img=218769&save=true
900 ## $aBIBNAC$d20260220
966 ## $lBN$mFGMON$sL. 180551 V.$x1
966 ## $lBN$mFGMON$sL. 180551 V.-D$x1
971 ## $cssilva$d20260202
972 ## $e0$z0$d20260220$vlrevez
973 ## $cigoulao$d20260205

OpendataBNP@bnportugal.pt | Mais informação sobre acesso aos dados BNP